| 000 | 00866nam a2200217Ia 4500 | ||
|---|---|---|---|
| 999 |
_c40161 _d40161 |
||
| 001 | 6767 | ||
| 003 | GE_BSU | ||
| 005 | 20200115111830.0 | ||
| 008 | 181216s1975||||g |||||||||||||| ||geo|| | ||
| 040 | _cGE_BSU | ||
| 041 | _ageo | ||
| 080 | _a821.353.1-312.6 გ-59 | ||
| 100 |
_aგოგიავა, კლიმენტი. _95998 |
||
| 245 |
_aმთების სიმღერა : _bბიოგრაფიული რომანი / _cკლიმენტი გოგიავა ; რედ. ერ. ქარელიშვილი. |
||
| 264 |
_aთბილისი : _bმერანი, _c1975. |
||
| 300 |
_a268 გვ. ; _c20 სმ. |
||
| 653 | _aმთების სიმღერა | ||
| 653 | _aრომანი | ||
| 700 |
_aქარელიშვილი, ერ. _eრედაქტორი _96120 |
||
| 942 |
_cBK _2udc |
||